000 00614nam a2200229Ia 4500
003 OSt
005 20220918175949.0
006 a|||||r|||| 00| 0
007 ta
008 220917b |||||||| |||| 00| 0 eng d
024 _a19,998
037 _cTextual
040 _aARTS
_cARTS
_beng
041 _2eng
_aeng
082 _aO:3:90V, K6
100 _aSpeare Morris Edmund
_955355
245 0 _aPolitical novel
_b Its development in England and in America
260 _c1966
650 _aENGLISH LITERATURE
942 _hO:3:90V, K6
_cTEXL
_2CC
999 _c159784
_d159784